Coupes du Monde de Football: Italie - Statistiques

Statistiques générales
  • Ce quiz a été pris 278 fois
  • Le résultat moyen est 29 sur 40
Statistiques - réponses
Réponse % Correct
France
100%
RFA
98%
Allemagne
97%
Brésil
97%
Angleterre
95%
Espagne
93%
Uruguay
93%
Argentine
90%
URSS
89%
Etats-Unis
88%
Mexique
83%
Corée du Sud
82%
Suisse
81%
Australie
80%
Suède
80%
Chili
79%
République Tchèque
78%
Costa Rica
77%
Belgique
74%
Pays-Bas
74%
Tchécoslovaquie
74%
Pologne
72%
Autriche
70%
Irlande
70%
Ukraine
70%
Hongrie
69%
Norvège
68%
Cameroun
67%
Croatie
67%
Paraguay
67%
Slovaquie
64%
Ghana
63%
Nouvelle-Zélande
63%
Bulgarie
60%
Pérou
60%
Nigeria
53%
Corée du Nord
51%
Equateur
50%
Israël
26%
Haïti
24%
Aucun quiz correspondant
Distribution des résultats
% des personnes avec chaque résultat
Percentile par nombre de réponses
Votre historique - résultats
Vous n’avez pas pris ce quiz